20 Jeux Vidéo à Deviner - Statistiques

Statistiques générales
  • Ce quiz a été pris 106 fois
  • Le résultat moyen est 7 sur 11
Statistiques - réponses
Indice Réponse % Correct
Une tempête approche de Tilted Towers Fortnite
90%
Un assassin dans le temps Assassin’s Creed
87%
Une grotte, des zombies et une pioche Minecraft
80%
Un plombier en rouge Mario bros
79%
Trois triangles dorés The legend of zelda
77%
Une voiture et un ballon géant Rocket League
70%
Course, objets, chaos Mario Kart
68%
Une ville nommée Los Santos GTA 5
66%
Une île et 100 personnes PUBG
51%
“You Died” Dark Souls
31%
Une chasse aux monstres titanesques Monster Hunter
24%
Aucun quiz correspondant
Distribution des résultats
% des personnes avec chaque résultat
Percentile par nombre de réponses
Votre historique - résultats
Vous n’avez pas pris ce quiz